000 00698nam a2200217 a 4500
001 000033200
003 OSt
005 20201013151156.0
008 110822s1938 dr c 000 0 spa d
040 _aDO-SdBNP
_bspa
_cBNPHU
082 4 _aPR861.44
_bC963a
100 1 _aCuchí Coll, Isabel
_914775
_d1904-1993
245 1 0 _aArras de cristal y Clara Lair /
_cIsabel Cuchí Coll.
260 _aCiudad Trujillo, República Dominicana :
_bCromos,
_c1938.
300 _a[22] p. :
_bretr. ;
_c19 cm.
590 _aInventariado, 2019/VM
600 1 4 _aLair, Clara,
_914775
_d1895-1973.
_t Arras de cristal.
650 4 _2Poesía puertorriqueña
650 4 _2Literatura puertorriqueña
942 _2ddc
_cLF1
999 _c32691
_d32691